Antología esencial

"Esta antología esencial se ha hecho teniendo a la vista, para Desolación, Tala y Lagar, la edición «definitiva»y «autorizada» de las Poesías completas, hecha por Margaret Bates, de 1968. Para Poema de Chile (titulado ahí Poemas de Chile), la edición de Doris Dana, de 1967. Para Lagar II,...

Descrizione completa

Salvato in:
Dettagli Bibliografici
Autore principale: Mistral, Gabriela, 1889-1957
Altri autori: Rojo, Grinor
Natura: Elettronico eBook
Lingua:spagnolo
Pubblicazione: Madrid : Biblioteca Nueva, c2010.
Serie:Clásicos de Biblioteca Nueva ; 65.
Digitalia eBook Collection: Biblioteca Nueva
Soggetti:
Accesso online:Digitalia Hispánica
Tags: Aggiungi Tag
Nessun Tag, puoi essere il primo ad aggiungerne!!

MARC

LEADER 00000nam a2200000Ia 4500
001 DIGBIN01465
003 NyNyDIG
006 m d
007 cr |||||||||||
008 100625s2010 sp o 000 spa d
020 |z 8497429710 (pbk.) 
020 |z 9788497429719 (pbk.) 
040 |a DGITA  |b eng  |e pn  |c DGITA 
050 0 0 |a PQ8097.G6 ebook 
100 1 |a Mistral, Gabriela,   |d 1889-1957. 
245 1 0 |a Antología esencial   |h [electronic resource] /  |c Gabriela Mistral; prólogo y selección de Grínor Rojo 
260 |a Madrid :  |b Biblioteca Nueva,   |c c2010.  |e (New York, NY. :  |f Digitalia Inc,   |g 2012). 
300 |a 1 online resource (251 p.) 
490 1 |a Clásicos de Biblioteca Nueva ;  |v 65. 
506 |a Access restricted to subscribing institutions. 
520 |a "Esta antología esencial se ha hecho teniendo a la vista, para Desolación, Tala y Lagar, la edición «definitiva»y «autorizada» de las Poesías completas, hecha por Margaret Bates, de 1968. Para Poema de Chile (titulado ahí Poemas de Chile), la edición de Doris Dana, de 1967. Para Lagar II, la de Pedro Pablo Zegers B. y Ana María Cuneo, de 1991. Para Almácigo, la de Luis Vargas Saavedra, de 2008. En cuanto a las prosas, hemos utilizado las ediciones de Alfonso Escudero, de 1954 (Recados contando a Chile), de Mario Céspedes G., de 1978 (Recados para América. Textos de Gabriela Mistral), y de Roque Esteban Scarpa (Gabriela anda por el mundo), también de 1978" (p. 47). 
600 1 0 |a Mistral, Gabriela,  |d 1889-1957  |x Criticism and interpretation. 
655 0 |a Electronic books. 
700 1 |a Rojo, Grinor 
791 2 |a Digitalia (Firm),  |e distributor. 
830 0 |a Clásicos de Biblioteca Nueva ;  |v 65. 
830 0 |a Digitalia eBook Collection: Biblioteca Nueva 
856 4 0 |3 Digitalia Hispánica  |u https://digitalia.unach.elogim.com/a/6215/